Rozpoznaj piosenkę sanah po fragmencie tekstu! - Statystyki

Ogólne statystyki
  • Ten quiz został rozwiązany 35 razy
  • Średni wynik to 5 z 14
Statystyki odpowiedzi
Hint Odpowiedź % Poprawnych
Nic dwa razy się nie zdarzaI nie zdarzy z tej przyczyny Nic dwa razy (W.Szymborska)
88%
Wszystko to, co mam (x2) To ta nadziejaże życie mnie poskleja Ostatnia nadzieja
76%
Nie uprzedził nikt, że wyleję łzyCzy za dużo ich? Trochę to żałosne Melodia
60%
Skąd te rumieńce mam? One będąrozkwitały całe dnie etc.
56%
Smutno mi, Boże, dla mnie na zachodzieRozlałeś tęczę blasków promienistą Hymn (J.Słowacki)
48%
Obcasy, fraki, dywan z róż (będzie bal) Irenka
36%
Ach, długo jeszcze poleżęW szklanej wodzie, w sieci wodorostów Zanim nareszcie uwierzę Że mnie nie kochano, po prostu (x8) Ofelia (M. Pawlikowska-Jasnorzewska)
28%
Życie me kołem się toczyStrach ma coraz większe oczy Wiśta wio!
28%
Było całkiem miłoSpódniczka fruwała mi też BUJDA
24%
Śmiesznie jak płynie czasOn podpowiadał nie raz Tęsknię sobie
24%
Los był prosty, ale będzie krzywyCzysta woda, zostanie zatruta Piosenka (C.Miłosz)
16%
Coś się popsuło, czy to ze mną coś nie tak(Nie naprawisz mnie) (Nie naprawisz mnie) róże - demo w domu
16%
Czemuś ty mi mówił"Radę dasz sama"? To ja a nie inna
12%
Jej czar kwitnie jak tulipanJej wdzięk pewnie nie znika Aha (kwiecień 2020)
8%
Nie znaleziono quizów pasujących do podanych kryteriów
Rozkład punktacji
Procent ludzi z każdym wynikiem
Percentyl według liczby udzielonych odpowiedzi
Twoja historia wyników
Nie rozwiązałeś tego quizu